Quiz sur Matheo Fromeaux - Statistiques

Statistiques générales
  • Ce quiz a été pris 6 fois
  • Le résultat moyen est 6 sur 16
Statistiques - réponses
Hint jh % Correct
Lieu Paris
83%
Club préféré foot PSG
83%
Alcool préféré Rhum
67%
Place dans la promo 62
50%
Rappeur préféré Freeze corleone
50%
Pays préféré Japon
50%
Meilleur coup Lora
50%
Date de naissance 24 septembre
33%
Signe astro Balance
33%
Prénom de son frère Calvin
33%
Nom de son père Absent
17%
Prénom de sa soeur Aiyanna
17%
Nom de sa mère Aurélie
17%
Plat préféré Fajitas
17%
Boisson préférée Fanta fruit du dragon
17%
Nom du chien Nox
17%
Aucun quiz correspondant
Distribution des résultats
% des personnes avec chaque résultat
Percentile par nombre de réponses
Votre historique - résultats
Vous n’avez pas pris ce quiz